JESUS IS KING - Kanye West - Statistics

General Stats
  • This quiz has been taken 22 times
  • The average score is 7 of 11
Answer Stats
Songs Plays Artists % Correct
God Is 203,811,282 Kanye West
88%
Follow God 498,339,944 Kanye West
76%
Closed On Sunday 130,110,046 Kanye West
65%
Jesus Is Lord 47,765,998 Kanye West
65%
On God 105,020,713 Kanye West
65%
Water 61,409,685 Kanye West, Ant Clemons
65%
Every Hour 62,314,239 Kanye West, Sunday Service Choir
59%
Selah 106,976,811 Kanye West
59%
Use This Gospel 100,068,611 Kanye West, Clipse, Kenny G
53%
Hands On 57,836,205 Kanye West, Fred Hammond
47%
Everything We Need 92,482,174 Kanye West, Ty Dolla $ign, Ant Clemons
41%
No matching quizzes found
Score Distribution
Percent of People with Each Score
Percentile by Number Answered
Your Score History
You have not taken this quiz